000 00307nam a2200109Ia 4500
008 220120s9999||||xx |||||||||||||| ||und||
100 _aGodse, A.P
_91195
245 0 _aComputer Reorganization
260 _aTechnical publications
_bNew Delhi
_c2004
300 _a185p.
_b195
650 _aDATA COMMUNICATION
_91124
999 _c137114
_d137114